000 00490nam a22001937a 4500
003 OSt
005 20190204161739.0
008 180423b xxu||||| |||| 00| 0 eng d
020 _a007048290x
040 _cBT-PhCST
050 _a6266-6267
082 _222
_a681.7
_bSIN
100 _aSing, S. K.
245 _aIndustrial instrumentation and control /
250 _a2nd.
260 _aNew Delhi,
_bTata McGraw Hill,
_cc2006.
300 _axxiii, 697 p. ;
_bill. ;
_c23 cm.
942 _2ddc
_cEE
999 _c70
_d70